000 00835nam a22002417a 4500
999 _c13150
_d13150
003 AR-CdUCM
008 190411b ||||| |||| 00| 0 spa d
020 _a978-607-618-254-3
040 _aMUNICIPALIDAD PROVINCIAL DEL CUSCO
_cBIBLIOTECA MUNICIPAL DEL CUSCO
082 _aES / 372.808 /
_bH59
110 _aMiles Kelly Publishing Ltd.
_931341
245 _a100 Historias Bíblicas /
260 _aMéxico :
_bSilver Dolphin ;
_c2014.
300 _a512 páginas ;
_bIlustraciones
_c22cm
505 _aContenido: El antiguo testamento -- El nuevo testamento
650 _aHistorias
_92725
650 _aBiblia para niños
_931364
650 _aEducación primaria
_91561
700 _aParker, Vic (adaptación)
_931365
700 _aCaballero, Samantha (traducción)
_924667
942 _2ddc
_cLIBROS
945 _anom
_d2019-04-11